| 000 | 00000nas##2200000za#4500 |
| 001 | 9.504479 |
| 003 | CaOODSP |
| 005 | 20200325130556 |
| 007 | cr ||||||||||| |
| 008 | 150406c2002||||xxc|| m o||||f| |0eng|d |
| 040 | |aCaOODSP|beng |
| 043 | |an-cn--- |
| 086 | 1 |aMP32-30E-PDF |
| 110 | 1 |aCanada. |bHuman Resources Development Canada. |
| 245 | 10|aStrategic policy technical paper series |h[electronic resource] |
| 260 | |aOttawa - Ontario : |bHuman Resources Development Canada |
| 310 | |aIrregular |
| 546 | |a(Résumé en français.) |
| 690 | 07|aHuman resources|2gcpds |
| 690 | 07|aPolicy|2gcpds |
| 775 | 08|tPolitique stratégique, série des documents techniques |w(CaOODSP)9.500898 |
| 776 | 0#|tStrategic policy technical document |w(CaOODSP)9.514797 |